000 005750000a22001810004500
003 MACL
005 20160601151334.0
008 160601b xxu||||| |||| 00| 0 eng d
040 _aMACL
_cMACL
041 _aHindi
082 _a920
100 _aदीवान, मनोरमा
_961368
245 _aइंकलाबी यात्रा
_cमनोरमा दीवान
260 _bनेशनल बुक ट्रस्‍ट इंडिया
_c2008
_aदिल्‍ली
350 _a55
650 _aBiography
_961369
942 _cHIN
_k920/DEV
_2ddc
999 _c10615
_d10615